• 首页
  • 本馆介绍
  • 公告通知
  • 最新文献
  • 馆藏检索
  • 电子资源
  • 读者导购
  • 参考咨询
  • 我的图书馆
  • 登录
  • 详细信息显示
  • 放入我的书架
  • 预约/预借图书
  • 作者相关作品
  • 分类相关作品
  • 丛书相关作品
  • 出版社相关作品

书目信息

  • 表格格式
  • 工作单格式
  • 卡片格式
题名:
人类文明纵横谈
    
 
作者: 潘龙海 著
分册:  
出版信息: 广州   广东人民出版社  1984
页数: 230页
开本: 19cm
丛书名: 当代大学生丛书
单 册:
中图分类: D432.62 , B821
科图分类:
主题词: 思想政治教育--青年读物 , 人生观
电子资源:
ISBN:
000 00711nam2 2200277 45
001 0940239845
005 20090929160854.68
010    @dCNY0.70
091    @aCN@b3111.642
100    @a19950627d1984 em y0chiy0121 ea
101 0  @achi
102    @aCN@b440000
105    @ay z 000yy
200 10 @a人类文明纵横谈@Aren lei wen ming zong heng tan@f潘龙海著
210    @a广州@c广东人民出版社@d1984
215    @a230页@d19cm
225 2  @a当代大学生丛书
410  0 @120010@a当代大学生丛书
606 0  @a思想政治教育@x青年读物
606 0  @a人生观
690    @aD432.62@v3
690    @aB821@v4
701  0 @a潘龙海@Apan long hai@4著
801  0 @aCN@bTSSF
801  2 @aCN@bNLC
905    @a10447@dB821@eJY9
    
    人类文明纵横谈/潘龙海著.-广州:广东人民出版社,1984
    230页;19cm.-(当代大学生丛书)
    
    
    ISBN :CNY0.70
    
●
相关链接 在E读中查询图书 在五车中查询图书 在当当中查询图书 在豆瓣中查询图书


正题名:人类文明纵横谈     索取号:B821/JY9         预约/预借

序号 登录号 条形码 馆藏地/架位号 状态 备注
1 7804895   278048952   学院路分馆/ [索取号:B821/JY9] 在馆    
唐山师范学院图书馆 欢迎您!
大连网信软件有限公司© 版权所有